The Walking Dead Characters - Statistics

Estatísticas Gerais
  • Esse quiz foi jogado 41 vezes
  • A pontuação média é 34 de 105
Estatísticas das Respostas
# Resposta % Correto
1 Rick Grimes
100%
3 Carl Grimes
94%
6 Michonne Grimes
91%
20 Glenn Rhee
88%
77 Negan Smith
88%
10 Carol Peletier
84%
23 Maggie Greene
84%
7 Shane Walsh
84%
8 Daryl Dixon
81%
2 Lori Grimes
72%
50 Rosita Espinosa
72%
49 Abraham Ford
69%
13 Andrea Harrison
69%
24 Beth Greene
69%
9 Merle Dixon
66%
51 Eugene Porter
63%
54 Gabriel Stokes
63%
4 Judith Grimes
63%
26 Hershel Rhee
59%
11 Sophia Peletier
59%
92 Alpha
56%
15 Dale Horvath
56%
64 Enid
56%
75 Paul "Jesus" Rovia
56%
41 Sasha Williams
56%
57 Aaron
53%
46 Tara Chambler
53%
40 Tyreese Williams
50%
93 Beta
47%
80 Ezekiel Sutton
47%
36 Philip Blake
47%
17 T-Dog
47%
78 Dwight
44%
18 Jim
41%
14 Amy Harrison
38%
21 Morgan Jones
38%
12 Ed Peletier
34%
85 Henry
34%
27 Otis
34%
79 Simon
34%
43 Bob Stookey
31%
19 Morales
31%
55 Noah
31%
5 RJ
31%
96 Yumiko Okumura
31%
95 Magna
28%
87 Siddiq
28%
97 Connie
25%
22 Duane Jones
25%
94 Lydia
25%
61 Spencer Monroe
25%
58 Eric Raleigh
22%
76 Gregory
22%
82 Jerry
22%
29 Jimmy
22%
28 Patricia
22%
73 Sam Anderson
22%
59 Deanna Monroe
19%
25 Hershel Greene
19%
16 Jacqui
19%
44 Lizzie Samuels
19%
99 Luke Abrams
19%
45 Mika Samuels
19%
63 Nicholas
19%
81 Shiva
19%
74 Denise
16%
83 Dianne
16%
67 Olivia
16%
32 Oscar
16%
71 Pete Anderson
16%
30 Randall
16%
60 Reg Monroe
16%
72 Ron Anderson
16%
62 Aiden Monroe
13%
31 Axel
13%
84 Benjamin
13%
56 Dawn Lerner
13%
52 Gareth
13%
70 Jessie Anderson
13%
100 Juanita Sanchez "Princess"
13%
98 Kelly
13%
47 Lilly Chambler
13%
101 Michael Mercer
13%
104 Pamela Milton
13%
33 Tomas
13%
88 Cyndie
9%
53 Mary
9%
48 Meghan Chambler
9%
66 Scott
9%
105 Sebastian Milton
9%
69 Tobin
9%
91 Beatrice
6%
39 Caesar Martinez
6%
65 Heath
6%
38 | 42 Karen
6%
103 Lance Hornsby
6%
102 Maxxine Mercer
6%
86 Richard
6%
34 Andrew
3%
35 Big Tiny
3%
68 Francine
3%
37 Milton Mamet
3%
90 Natania
3%
89 Rachel
3%
Nenhum quiz correspondente encontrado
Distribuição das Pontuações
Porcentagem de Pessoas com Cada Pontuação
Percentil de Números Respondidos
Sua Pontuação Histórica
Você não jogou esse quiz